| 000 -ლიდერი |
| ფიქსირებული სიგრძის საკონტროლო ველი |
01117nam a22001817a 4500 |
| 003 - საკონტროლო ნომრის იდენტიფიკატორი |
| საკონტროლო ველი |
Ge_BSU |
| 005 - ბოლო ოპერაციის თარიღი და დრო |
| საკონტროლო ველი |
20221130114653.0 |
| 008 - ფიქსირებული სიგრძის მონაცემთა ელემენტები - ზოგადი ინფორმაცია |
| ფიქსირებული სიგრძის საკონტროლო ველი |
221130s1981ge xxu||||| |||| 00| 0 geo d |
| 041 ## - ენის კოდი |
| Language code of text/sound track or separate title |
geo |
| 080 ## - უნივერსალური ათობითი კლასიფიკაციის ინდექსი |
| Universal Decimal Classification number |
821.112.2(494)-31 ფ-93 |
| 100 ## - მთავარი ჩანაწერი - პიროვნების სახელი |
| Personal name |
ფრიში, მაქს, 1911-1991, ავტორი. |
| 9 (RLIN) |
16235 |
| 245 ## - ცნობა სათაურის შესახებ |
| Title |
Homo Faber : ჩანაწერები ; ვიქნები თუნდაც განტენბაინი : რომანები / |
| Statement of responsibility, etc |
მაქს ფრიში ; გერმ. თარგმნა და ბოლოსიტყვ. დაურთო დალი კოკაია-ფანჯიკიძემ ; მხატვ. თარგმანისა და ლიტ. ურთიერთობათა მთ. სარედ. კოლეგია. |
| 264 ## - წარმოების, გამოცემის, დისტრიბუციის და სხვა ცნობები |
| გამოცემის, წარმოების, დისტრიბუციის... ადგილი |
თბილისი : |
| გამოცემის, წარმოების, დისტრიბუციის... სახელწოდება |
საბჭ. საქართველო, |
| გამოცემის, წარმოების, დისტრიბუციის... თარიღი |
1981. |
| 300 ## - ფიზიკური აღწერა |
| Extent |
525 გვ. ; |
| Other physical details |
20სმ. |
| 653 ## - INDEX TERM--UNCONTROLLED |
| Uncontrolled term |
რომანები |
| 700 ## - ADDED ENTRY--PERSONAL NAME |
| Personal name |
კოკაია-ფანჯიკიძე, დ |
| Relator term |
მთარგმნელი |
| 9 (RLIN) |
16236 |
| 942 ## - ADDED ENTRY ELEMENTS (KOHA) |
| Source of classification or shelving scheme |
|
| Koha item type |
წიგნი |